|
|
|
|
| LEADER |
00000cam a2200000 4500 |
| 001 |
vtls012252871 |
| 003 |
SK-MaSNL |
| 005 |
20260301014516.0 |
| 008 |
240315s2023 xo frn 000 0 slo |
| 015 |
|
|
|a SNBA2024/06
|
| 020 |
|
|
|a 9788057106425
|q (brožované)
|
| 020 |
|
|
|a 9788057106432
|q (pdf)
|
| 040 |
|
|
|a SNK
|b slo
|c SNK
|e rda
|
| 041 |
0 |
|
|a slo
|
| 044 |
|
|
|a xo
|c SK
|
| 072 |
|
7 |
|a 347
|x Súkromné právo
|2 konspekt
|
| 080 |
|
|
|a 347.447
|2 2011
|
| 080 |
|
|
|a 349.233
|2 2011
|
| 080 |
|
|
|a (048.8)
|2 2011
|
| 080 |
|
|
|a 347.426.6
|2 2011
|
| 100 |
1 |
|
|a Hlušák, Milan,
|d 1980-
|4 aut
|9 230817
|
| 245 |
1 |
0 |
|a Záujmy chránené zodpovednosťou za škodu
|c Milan Hlušák
|
| 250 |
|
|
|a Prvé vydanie
|
| 264 |
|
1 |
|a Bratislava
|b Wolters Kluwer
|c 2023
|
| 300 |
|
|
|a 154 strán
|c 21 cm
|
| 336 |
|
|
|a text
|b txt
|2 rdacontent
|
| 337 |
|
|
|a bez média
|b n
|2 rdamedia
|
| 338 |
|
|
|a zväzok
|b nc
|2 rdacarrier
|
| 490 |
1 |
|
|a Právo
|
| 500 |
|
|
|a Obsahuje zoznam skratiek
|
| 504 |
|
|
|a Obsahuje bibliografiu na strane 146-154 a bibliografické odkazy
|
| 650 |
0 |
7 |
|a zodpovednosť za škodu
|2 SNKPH
|9 4613
|
| 650 |
0 |
7 |
|a hmotná zodpovednosť
|2 SNKPH
|9 79715
|
| 650 |
0 |
7 |
|a Liability for damages
|2 SNKPHeng
|9 302919
|
| 650 |
0 |
7 |
|a Material responsibility of employees
|2 SNKPHeng
|9 302920
|
| 650 |
0 |
7 |
|a náhrada škody
|2 SNKPH
|9 2666
|
| 650 |
0 |
7 |
|a Compensation of damage
|2 SNKPHeng
|9 302921
|
| 655 |
|
7 |
|a monografie
|2 SNKPH
|9 70139
|
| 655 |
|
7 |
|a Monographs
|2 SNKPHeng
|9 120675
|
| 700 |
1 |
|
|a Markov, Pavol
|4 bkd
|4 bjd
|9 230351
|
| 700 |
1 |
|
|a Dulak, Anton,
|d 1963-
|4 rev
|9 201896
|
| 700 |
1 |
|
|a Doležal, Tomáš
|4 rev
|9 6605
|
| 830 |
|
0 |
|a Právo
|9 302922
|
| 852 |
|
|
|a Slovenská národná knižnica
|
| 919 |
|
|
|a 978-80-571-0642-5
|
| 919 |
|
|
|a 978-80-571-0643-2
|
| 954 |
|
|
|a odborná, vedecká literatúra pôvodná (slovenská)
|2 lita
|
| 958 |
|
|
|a NB
|
| 999 |
|
|
|c 558672
|d 560602
|
| 952 |
|
|
|a SNK
|b SNK
|y VYP
|7 0
|p 17A1550087
|o snkSC 206388 D1
|i snk2024/8818
|8 3
|g 11.73
|0 0
|1 0
|4 0
|d 2024-06-04
|l 1
|m 2
|r 2026-04-24 13:22:36
|s 2026-02-28
|w 2026-02-23
|
| 952 |
|
|
|a SNK
|b SNK
|y PREZ
|7 0
|p 17A1547656
|o snkSC 206388
|i snk2024/7601
|8 0
|0 0
|1 0
|4 0
|d 2024-05-15
|l 0
|r 2025-10-29 00:00:00
|w 2026-02-23
|